Top Chicken Countries - Statistics

General Stats
  • This quiz has been taken 50 times
  • The average score is 11 of 15
Answer Stats
Chickens
(millions)
Country % Correct
5,146.1 China
100%
1,972.3 United States
98%
807.9 India
91%
1,466.6 Brazil
88%
497.4 Russia
84%
323.1 Japan
79%
580.8 Mexico
79%
1,321.0 Pakistan
77%
3,725.2 Indonesia
74%
1,091.4 Iran
70%
382.6 Vietnam
70%
281.5 Thailand
63%
342.6 Turkey
63%
286.9 Bangladesh
60%
394.6 Myanmar
51%
No matching quizzes found
Score Distribution
Percent of People with Each Score
Percentile by Number Answered
Your Score History
You have not taken this quiz